Practical financial accounting: (Record no. 2053)

MARC details
000 -LEADER
fixed length control field 00600nam a22001817a 4500
003 - CONTROL NUMBER IDENTIFIER
control field OSt
005 - DATE AND TIME OF LATEST TRANSACTION
control field 20240706032310.0
008 - FIXED-LENGTH DATA ELEMENTS--GENERAL INFORMATION
fixed length control field 240706b |||||||| |||| 00| 0 eng d
020 ## - INTERNATIONAL STANDARD BOOK NUMBER
International Standard Book Number 978-621-416-077-8
040 ## - CATALOGING SOURCE
Original cataloging agency DWC- Main Lib
Transcribing agency OC
082 ## - DEWEY DECIMAL CLASSIFICATION NUMBER
Classification number Fil. 657.042 V172p 2019
100 ## - MAIN ENTRY--PERSONAL NAME
Personal name Conrado T. Valix
245 ## - TITLE STATEMENT
Title Practical financial accounting:
Remainder of title volume one. /
Statement of responsibility, etc. Conrado T. Valix & Christian Aris M. Valix .
260 ## - PUBLICATION, DISTRIBUTION, ETC.
Place of publication, distribution, etc. Manila, Philippines:
Name of publisher, distributor, etc. GIC Enterprises & Co. Inc.,
Date of publication, distribution, etc. c2019.
300 ## - PHYSICAL DESCRIPTION
Extent 774pages :
Other physical details illustrations ;
Dimensions 23cm.
700 ## - ADDED ENTRY--PERSONAL NAME
Personal name Christian Aris M. Valix
942 ## - ADDED ENTRY ELEMENTS (KOHA)
Source of classification or shelving scheme Dewey Decimal Classification
Koha item type Book-Filipiniana
Suppress in OPAC Yes
952 ## - LOCATION AND ITEM INFORMATION (KOHA)
--
952 ## - LOCATION AND ITEM INFORMATION (KOHA)
--
952 ## - LOCATION AND ITEM INFORMATION (KOHA)
--
Holdings
Withdrawn status Lost status Source of classification or shelving scheme Damaged status Not for loan Home library Current library Date acquired Source of acquisition Cost, normal purchase price Total Checkouts Full call number Barcode Date last seen Copy number Price effective from Koha item type Uniform Resource Identifier
    Dewey Decimal Classification     College Library College Library 09/30/2019 School Fund 400.00   Fil. 657.042 V172p 2019 52208 07/06/2024 c1 07/06/2024 BK - FIL
    Dewey Decimal Classification     College Library College Library 09/30/2019 School Fund 400.00   Fil. 657.042 V172p 2019 52209 07/06/2024 c2 07/06/2024 BK - FIL
    Dewey Decimal Classification     College Library College Library 09/30/2019 School Fund 400.00   Fil. 657.042 V172p 2019 52207 07/06/2024 c3 07/06/2024 BK - FIL